00208nam a2200073Ia 4500082002000000245003100020100004200051008004100093 aJ 597.9542 INGE 0aIguanas and other lizards  a INGEBRETSEN, Karen Chicago, 2005 210816s9999 xx 000 0 und d